000 00583nam a2200229Ia 4500
003 OSt
005 20230410165029.0
008 210423s2015 xx 000 0 und d
020 _a978-1-25-900305-9
040 _cAL
041 _aeng
082 _a150
_223
_bFELU
100 _aFELDMAN (Robert S)
_985752
245 _aUnderstanding psychology Ed 10
250 _a10
260 _aNew Delhi
_bMcGrawhill Education
_c2015
300 _ali,615,107
_bPB
365 _b899
_cINR
650 _aPsychology
_985753
906 _a10 ; psychology ; Understanding
942 _2ddc
_cBK
999 _c169617
_d169617